Loading...

The year of reading dangerously : how fifty great books (and two not-so-great ones) saved my life /

Bibliographic Details
Main Author: Miller, Andy
Format: Printed Book
Language:English
Subjects:
LEADER 00869cam a2200205 i 4500
008 140714s2014 enka 000 0 eng
020 |a 9780007255757 
082 0 0 |a 028.90941  |2 23 
100 1 |a Miller, Andy, 
245 1 4 |a The year of reading dangerously :  |b how fifty great books (and two not-so-great ones) saved my life /  |c Andy Miller. 
300 |a 322 pages :  |b illustrations ;  |c 21 cm 
650 0 |a Books and reading. 
650 0 |a Reading interests. 
942 |c BK 
246 3 0 |a How fifty great books saved my life 
600 1 0 |a Miller, Andy  |x Books and reading. 
906 |a 7  |b cbc  |c origres  |d 3  |e ncip  |f 20  |g y-gencatlg 
955 |b hf07 2014-08-26 z-processor  |i hf05 2014-09-17 telework to CALM 
999 |c 106743  |d 106743 
952 |0 0  |1 0  |4 0  |6 028_909410000000000_YEA_M  |7 0  |9 110698  |a UL  |b UL  |c ST1  |d 2015-03-18  |e 2  |g 660.20  |l 2  |o 028.90941 YEA/M  |p 93684  |r 2016-10-06  |s 2016-10-05  |v 904.39  |y BK